Music Quiz

Random Music or Decade Quiz

1980s Lyric Match II Quiz Stats

 Plays Quiz Updated Nov 28, 2017

Also try: 1980s Lyric Match
Challenge
Share
Tweet
Embed
Score 0/24 Timer 06:00
1 Play Today
% Correct
Summer of '69
89.3%
I Love Rock and Roll
89%
Hungry Like the Wolf
87.9%
Old Time Rock and Roll
84.3%
Smooth Criminal
80%
Money for Nothing
77.8%
Up Where We Belong
74.5%
Tainted Love
67.9%
Time After Time
63.2%
Manic Monday
61.4%
Kokomo
60.4%
I Want a New Drug
60.1%
% Correct
You Give Love a Bad Name
59.6%
I Just Called to Say I Love You
56.7%
Take Me Home Tonight
56.5%
Whip It
54.9%
Walk Like an Egyptian
53.3%
Eternal Flame
50.9%
Forever Young
48.9%
I Wanna Dance with Somebody
43.2%
We Built This City
40.9%
Take My Breath Away
38.7%
Everytime You Go Away
34.1%
Hard to Say I'm Sorry
31.4%

You're not logged in!

Compare scores with friends on all Sporcle quizzes.
Join for Free
OR
Log In

You Might Also Like...

Show Comments

Extras

Top Quizzes Today


Score Distribution

Your Account Isn't Verified!

In order to create a playlist on Sporcle, you need to verify the email address you used during registration. Go to your Sporcle Settings to finish the process.

Report this User

Report this user for behavior that violates our Community Guidelines.

Details: